[Event "Crema op 16th"]
[Site "Crema"]
[Date "2015.09.06"]
[Round "6"]
[White "Finelli, Carmine"]
[Black "Oteri, Aldo"]
[Result "0-1"]
[WhiteElo "1385"]
[BlackElo "1783"]
[PlyCount "44"]
[EventDate "2015.09.04"]
[EventType "swiss"]
[EventRounds "6"]
[EventCountry "ITA"]
[SourceTitle "EXT 2024"]
[Source "ChessBase"]
[SourceDate "2023.10.10"]
[SourceVersion "1"]
[SourceVersionDate "2023.10.10"]
[SourceQuality "1"]

1. e4 e6 2. Nf3 d5 3. exd5 exd5 4. d4 Bg4 5. c3 Bd6 6. Nbd2 Nf6 7. Qb3 0-0 8. Be2 Qe7 9. h3 Bh5 10. g4 Bg6 11. Nf1 Re8 12. Ne3 Bf4 13. Qxb7 Nbd7 14. Qb3 Bxe3 15. Bxe3 Ne4 16. Qd1 Rab8 17. Qc1 Rb6 18. a3 Re6 19. Rh2 Nxf2 20. Kxf2 Rxe3 21. Ne5 Nxe5 22. Qxe3 Nd3+ 0-1

[Event "Crema op 16th"]
[Site "Crema"]
[Date "2015.09.05"]
[Round "4"]
[White "Milanesi, Erminio"]
[Black "Finelli, Carmine"]
[Result "1-0"]
[WhiteElo "1791"]
[BlackElo "1385"]
[PlyCount "97"]
[EventDate "2015.09.04"]
[EventType "swiss"]
[EventRounds "6"]
[EventCountry "ITA"]
[SourceTitle "EXT 2024"]
[Source "ChessBase"]
[SourceDate "2023.10.10"]
[SourceVersion "1"]
[SourceVersionDate "2023.10.10"]
[SourceQuality "1"]

1. g3 e5 2. Nh3 d5 3. f3 Bc5 4. e3 Nf6 5. Nf2 0-0 6. d3 c6 7. Bg2 Qa5+ 8. c3 Qb6 9. Qe2 Re8 10. 0-0 Bf5 11. b3 Qa6 12. Re1 e4 13. fxe4 dxe4 14. d4 Bd6 15. c4 b6 16. Nc3 Bb4 17. Bb2 h6 18. Qc2 Nbd7 19. a3 Bxc3 20. Bxc3 Re6 21. Bf1 Qb7 22. Be2 Rae8 23. a4 Nh7 24. Red1 Ng5 25. b4 Nf3+ 26. Kg2 Ng5 27. d5 Rd6 28. Qb2 f6 29. dxc6 Qxc6 30. Bd4 Ne5 31. Bxe5 Rxe5 32. Rxd6 Qxd6 33. h4 Nf7 34. Rd1 Qc6 35. Qb3 Qc8 36. Rd5 Kh7 37. Qd1 Qc6 38. g4 Be6 39. b5 Qb7 40. Rxe5 Nxe5 41. Qd4 g6 42. h5 f5 43. Qxe5 Qe7 44. hxg6+ Kg8 45. gxf5 Qg5+ 46. Ng4 Bxf5 47. Qe8+ Kg7 48. Qf7+ Kh8 49. Qh7# 1-0

[Event "Lodi Weekend Wasken Boys 2nd"]
[Site "Lodi"]
[Date "2014.06.08"]
[Round "4"]
[White "Finelli, Carmine"]
[Black "Trifoni, Giorgio"]
[Result "0-1"]
[WhiteElo "1440"]
[BlackElo "1665"]
[PlyCount "74"]
[EventDate "2014.06.06"]
[EventType "swiss"]
[EventRounds "5"]
[EventCountry "ITA"]
[SourceTitle "EXT 2024"]
[Source "ChessBase"]
[SourceDate "2023.10.10"]
[SourceVersion "1"]
[SourceVersionDate "2023.10.10"]
[SourceQuality "1"]

1. e4 c5 2. Bc4 e6 3. Nf3 a6 4. d3 b5 5. Bb3 Qc7 6. Nbd2 Bb7 7. Qe2 Ne7 8. a4 g6 9. g3 Bg7 10. h4 d5 11. exd5 Nxd5 12. Bxd5 Bxd5 13. c3 Nd7 14. axb5 axb5 15. Rxa8+ Bxa8 16. Rh2 Nf6 17. d4 Ng4 18. Rh3 c4 19. Ng5 h5 20. Ngf3 0-0 21. Ne4 Re8 22. Nh2 f5 23. Ng5 e5 24. Nxg4 fxg4 25. Rh2 Re7 26. Qc2 exd4+ 27. Kf1 d3 28. Qb1 Qe5 29. Be3 Qf6 30. Kg1 Bf3 31. Nxf3 Qxf3 32. Qf1 Kh7 33. Qg2 Qe2 34. Qf1 Qxb2 35. Qc1 Qxc1+ 36. Bxc1 Re1+ 37. Kg2 Rxc1 0-1

[Event "Lodi Weekend Wasken Boys 2nd"]
[Site "Lodi"]
[Date "2014.06.06"]
[Round "1"]
[White "Finelli, Carmine"]
[Black "Raimondi, Celso"]
[Result "1-0"]
[WhiteElo "1440"]
[BlackElo "1655"]
[PlyCount "119"]
[EventDate "2014.06.06"]
[EventType "swiss"]
[EventRounds "5"]
[EventCountry "ITA"]
[SourceTitle "EXT 2024"]
[Source "ChessBase"]
[SourceDate "2023.10.10"]
[SourceVersion "1"]
[SourceVersionDate "2023.10.10"]
[SourceQuality "1"]

1. e4 c5 2. Bc4 e6 3. d3 a6 4. Nh3 d6 5. c3 Nf6 6. Bg5 Be7 7. Nd2 Nc6 8. a3 0-0 9. f4 Qc7 10. 0-0 b5 11. Ba2 Bb7 12. Qf3 Rac8 13. Qg3 Kh8 14. Rae1 d5 15. Bxf6 gxf6 16. exd5 exd5 17. Bxd5 Rcd8 18. Be4 Rg8 19. Qf3 Rg7 20. Re2 Rdg8 21. g3 Nd8 22. Rfe1 Bd6 23. Bxb7 Nxb7 24. Re8 Qd7 25. Rxg8+ Kxg8 26. Nf2 f5 27. Nh3 Nd8 28. Nb3 Ne6 29. Qa8+ Bf8 30. Nc1 Qd6 31. Qf3 Be7 32. Kh1 h6 33. Ng1 Bd8 34. Nh3 Bc7 35. Nf2 Kh7 36. Nd1 a5 37. Re5 Kg6 38. Ne3 f6 39. Rxf5 Kf7 40. Rh5 Nxf4 41. gxf4 Qxf4 42. Qxf4 Bxf4 43. Rh3 Ke6 44. Nb3 c4 45. dxc4 bxc4 46. Nxa5 Bb8 47. Rxh6 Ba7 48. Naxc4 Rd7 49. Ng4 Rd1+ 50. Kg2 Rg1+ 51. Kh3 Kd5 52. Nce3+ Ke4 53. Nc4 f5 54. Nf6+ Kf3 55. Ne5+ Kf4 56. Nd3+ Ke3 57. Nb4 Bb8 58. Nbd5+ Kf3 59. Nd7 Bd6 60. Rxd6 1-0